Advanced microprocessors (Record no. 136339)

000 -LEADER
fixed length control field 00259nam a2200109Ia 4500
008 - FIXED-LENGTH DATA ELEMENTS--GENERAL INFORMATION
fixed length control field 220120s9999||||xx |||||||||||||| ||und||
082 ## - DEWEY DECIMAL CLASSIFICATION NUMBER
Classification number 004.165 CHO
100 ## - MAIN ENTRY--PERSONAL NAME
Personal name Choudhury, Ray, D
9 (RLIN) 11417
245 #0 - TITLE STATEMENT
Title Advanced microprocessors
260 ## - PUBLICATION, DISTRIBUTION, ETC.
Date of publication, distribution, etc. 2006
300 ## - PHYSICAL DESCRIPTION
Other physical details 0
Holdings
Withdrawn status Lost status Damaged status Not for loan Collection code Home library Current library Date acquired Barcode Date last seen Price effective from Koha item type
        Computer Science and Engineering Central Library Central Library 01/20/2022 GF198 01/20/2022 01/20/2022 Gift Books

Powered by Koha